-Age Vocabulary Quiz - Statistics

General Stats
  • This quiz has been taken 763 times
  • The average score is 11 of 20
Answer Stats
Definition Word % Correct
Platform where performers stand Stage
96%
Chorizo and bratwurst, for example Sausage
87%
... go together like a horse and _____ Carriage
76%
Fury Rage
75%
Distance traveled, or measure of fuel economy Mileage
72%
Holy trip Pilgrimage
72%
The right to vote Suffrage
65%
Love and _____, love and _____ Marriage
64%
Bundle, or box, wrapped Package
62%
Mathematical term: the rate per one hundred Percentage
61%
Any set or system of linguistic signs or symbols as used in a more or less uniform fashion by a number of people who are thus enabled to communicate intelligibly with one another Language
59%
Proverb Adage
51%
A stick insect hiding amongst twigs, for example Camouflage
50%
Uncivilised, untamed Savage
46%
The point after deuce in tennis Advantage
44%
Bleed profusely Hemorrhage
38%
Helpful location for boats (also a US city, its state's largest) Anchorage
34%
Talk ill of Disparage
29%
Custom or practice Usage
16%
Bungle a job Mismanage
6%
No matching quizzes found
Score Distribution
Percent of People with Each Score
Percentile by Number Answered
Your Score History
You have not taken this quiz